Plus qu'amis - Sadek - Paroles - Statistiques

Statistiques générales
  • Ce quiz a été pris 10 fois
  • Le résultat moyen est 260 sur 360
Statistiques - réponses
Réponse % Correct
A
100%
à
100%
Au
100%
au
100%
bout
100%
de
100%
De
100%
début
100%
d'la
100%
100%
du
100%
et
100%
être
100%
jamais
100%
jusqu'au
100%
la
100%
100%
le
100%
les
100%
Me
100%
me
100%
n'a
100%
n'aurait
100%
noirs
100%
nuage
100%
nuit
100%
On
100%
on
100%
Pétasse
100%
plus
100%
Plus
100%
poursuivent
100%
pute
100%
qu'amis
100%
sale
100%
sur
100%
Tes
100%
T'es
100%
tes
100%
un
100%
yeux
100%
actrice
67%
aimait
67%
âme
67%
amis
67%
aux
67%
avoir
67%
Binoche
67%
bloquée
67%
bouche
67%
bouffe
67%
cancer
67%
canes
67%
caprices
67%
ce
67%
C'est
67%
c'est
67%
c'était
67%
chaque
67%
chienne
67%
cinoche
67%
coin
67%
comme
67%
confié
67%
c'qui
67%
crash
67%
d'amour
67%
dans
67%
d'eau
67%
décédés
67%
démons
67%
d'en
67%
des
67%
Dès
67%
déteste
67%
deux
67%
devient
67%
dit
67%
d'mauvaise
67%
enfermés
67%
explique
67%
Explique
67%
faire
67%
fais
67%
finis
67%
fois
67%
fraîche
67%
fumeur
67%
gosses
67%
Grosse
67%
haut
67%
heure
67%
Heureusement
67%
humeur
67%
Insulte
67%
jalouse
67%
je
67%
Je
67%
j'me
67%
jnoun
67%
j'ouvre
67%
j'pensais
67%
J'regrette
67%
j'suis
67%
j't'ai
67%
j't'aimais
67%
J'te
67%
Juliette
67%
juste
67%
j'veux
67%
Kadyrov
67%
kalachnikovs
67%
l'âge
67%
lég
67%
ma
67%
matin
67%
même
67%
mère
67%
Mes
67%
mes
67%
meurs
67%
moche
67%
Moi
67%
moi
67%
Moins
67%
mon
67%
morts
67%
moule
67%
nan
67%
67%
ouf
67%
Pa
67%
pa
67%
par
67%
pardon
67%
pas
67%
Pendant
67%
poèmes
67%
pourquoi
67%
problèmes
67%
p'tit
67%
p'tits
67%
que
67%
Que
67%
Qu'elle
67%
qui
67%
qu'on
67%
qu'ton
67%
qu'tu
67%
qu'une
67%
rapproche
67%
Réel
67%
rendrait
67%
Reproche
67%
reproche
67%
reste
67%
reu-ch
67%
Rien
67%
rien
67%
rouler
67%
rumeurs
67%
se
67%
secrets
67%
serve
67%
ses
67%
sincère
67%
sol
67%
sort
67%
souhaite
67%
suis
67%
ta
67%
t'en
67%
terre
67%
test
67%
t'faire
67%
t'insultes
67%
toi
67%
ton
67%
tous
67%
tout
67%
tu
67%
tumeur
67%
une
67%
veulent
67%
vivait
67%
Vivre
67%
voit
67%
vrai
67%
Vu
67%
baisades
33%
bien
33%
connais
33%
D'ailleurs
33%
djinns
33%
donnerai
33%
d'succomber
33%
filmes
33%
lèverais
33%
mal
33%
n'souhaite
33%
oigt-d
33%
plaisir
33%
s'embrouille
33%
t'ai
33%
vices
33%
beaucoup
0%
céder
0%
CJD
0%
everyday
0%
fait
0%
j'finisse
0%
j'pète
0%
Mais
0%
plomb
0%
possédé
0%
quitté
0%
simplement
0%
T'aimerais
0%
t'aimerais
0%
voir
0%
Aucun quiz correspondant
Distribution des résultats
% des personnes avec chaque résultat
Percentile par nombre de réponses
Votre historique - résultats
Vous n’avez pas pris ce quiz